000 00410nam a2200181Ia 4500
005 20250603145718.0
008 250603s9999 xx 000 0 und d
020 _a9780308067
050 _aPR 9387.9 .O39 .S47/
100 _aOmonode, Benson
245 0 _aShattered dreams
260 _aIbadan
260 _bUniversity press ltd
260 _c2009
300 _a90 p
650 _aIbadan
942 _cBK
999 _c42632
_d42632